000 00283nam a2200109Ia 4500
008 190906s9999||||xx |||||||||||||| ||und||
100 _aTruss J.K.
245 0 _aDiscrete Mathematics For Computer Scientists
260 _aNew Delhi
_bBantam Books Inc
_c1991
300 _a565
942 _cBK
999 _c6002
_d6002